Click the Country - Etymologies #1 - Statistics

General Stats
  • This quiz has been taken 158 times
  • The average score is 19 of 25
Answer Stats
Hint Answer % Correct
Spanish for "Equator" Ecuador
95%
Spanish for "Rich Coast" Costa Rica
94%
Almost Portuguese for "Green Cape" (Jetpunk uses the non-Portuguese name) Cape Verde
88%
Latin for "Free" Liberia
88%
Spanish for "The Savior" El Salvador
87%
Latin for "Land of the Franks" France
83%
Portuguese for "Lion Mountains" Sierra Leone
83%
Italian for "Little Venice" Venezuela
82%
Spanish for "Old" and "Bearded" Antigua and Barbuda
81%
Spanish for "Silvery" Argentina
80%
Italian for "Black Mountain" Montenegro
79%
Slavic for "White Russia" Belarus
78%
Greek for "Indian Islands" Indonesia
78%
German for "Light Stone" Liechtenstein
78%
Greek for "Land of the Indus River" India
75%
Malay for "Lion City" Singapore
73%
Sanskrit for "Holy Island" Sri Lanka
72%
Latin for "Southern" Australia
70%
Greek for "Small Islands" Federated States of Micronesia
66%
Iroquois for "Village" Canada
63%
Aryan for "Land of the Aryans" Iran
63%
Spanish for "Low Sea" (Variation) Bahamas
59%
Arabic for "Two Seas" Bahrain
51%
Arabic for "Fortress Built Near Water" (Diminutive) Kuwait
51%
Derives from Arabic for "Moon" Comoros
45%
No matching quizzes found
Score Distribution
Percent of People with Each Score
Percentile by Number Answered
Your Score History
You have not taken this quiz